<?xml version="1.0" encoding="UTF-8"?>
<record
    xmlns:xsi="http://www.w3.org/2001/XMLSchema-instance"
    xsi:schemaLocation="http://www.loc.gov/MARC21/slim http://www.loc.gov/standards/marcxml/schema/MARC21slim.xsd"
    xmlns="http://www.loc.gov/MARC21/slim">

  <leader>02253nam a22003137a 4500</leader>
  <controlfield tag="001">4628</controlfield>
  <controlfield tag="003">FISKH</controlfield>
  <controlfield tag="005">20240918120910.0</controlfield>
  <controlfield tag="008">240918b        cb ||||| |||| 00| 0 eng d</controlfield>
  <datafield tag="020" ind1=" " ind2=" ">
    <subfield code="a">9789996389306</subfield>
  </datafield>
  <datafield tag="040" ind1=" " ind2=" ">
    <subfield code="a">FISKH</subfield>
    <subfield code="b">Khmer</subfield>
    <subfield code="c">FISKH</subfield>
    <subfield code="d">FISKH</subfield>
  </datafield>
  <datafield tag="050" ind1=" " ind2=" ">
    <subfield code="a">PZ7</subfield>
  </datafield>
  <datafield tag="082" ind1=" " ind2=" ">
    <subfield code="a">800</subfield>
  </datafield>
  <datafield tag="100" ind1=" " ind2=" ">
    <subfield code="a">Anonymous </subfield>
    <subfield code="e">author </subfield>
  </datafield>
  <datafield tag="245" ind1=" " ind2=" ">
    <subfield code="a">&#x1780;&#x17D2;&#x179B;&#x17BE;&#x1794;&#x17B8;&#x1793;&#x17B6;&#x1780;&#x17CB;&#x200B; / </subfield>
    <subfield code="c">by Anonymous</subfield>
  </datafield>
  <datafield tag="250" ind1=" " ind2=" ">
    <subfield code="a">&#x1794;&#x17C4;&#x17C7;&#x1796;&#x17BB;&#x1798;&#x17D2;&#x1796;&#x1786;&#x17D2;&#x1793;&#x17B6;&#x17C6;&#x17E2;&#x17E0;&#x17E1;&#x17E5;</subfield>
  </datafield>
  <datafield tag="260" ind1=" " ind2=" ">
    <subfield code="a">&#x1797;&#x17D2;&#x1793;&#x17C6;&#x1796;&#x17C1;&#x1789; :</subfield>
    <subfield code="b">&#x17A2;&#x1795;&#x17D2;&#x179F;&#x17BB;&#x1780; ;</subfield>
    <subfield code="c">&#x17E2;&#x17E0;&#x17E1;&#x17E5; .</subfield>
  </datafield>
  <datafield tag="300" ind1=" " ind2=" ">
    <subfield code="a">12 pages : </subfield>
    <subfield code="b">color illustrations ;</subfield>
    <subfield code="c">22 cm . </subfield>
  </datafield>
  <datafield tag="490" ind1=" " ind2=" ">
    <subfield code="a">&#x1793;&#x17B7;&#x1791;&#x17B6;&#x1793;&#x17A2;&#x1794;&#x17CB;&#x179A;&#x17C6;&#x179F;&#x1798;&#x17D2;&#x179A;&#x17B6;&#x1794;&#x17CB;&#x1780;&#x17BB;&#x1798;&#x17B6;&#x179A;</subfield>
  </datafield>
  <datafield tag="505" ind1=" " ind2=" ">
    <subfield code="a">H 
</subfield>
  </datafield>
  <datafield tag="520" ind1=" " ind2=" ">
    <subfield code="a">&#x1793;&#x17C5;&#x1780;&#x17D2;&#x1793;&#x17BB;&#x1784;&#x1796;&#x17D2;&#x179A;&#x17C3;&#x1792;&#x17C6;&#x1798;&#x17BD;&#x1799;&#x1798;&#x17B6;&#x1793;&#x179F;&#x178F;&#x17D2;&#x179C;&#x1794;&#x17B8;&#x1780;&#x17D2;&#x1794;&#x17B6;&#x179B; &#x1798;&#x17B6;&#x1793;&#x1780;&#x17D2;&#x178F;&#x17B6;&#x1793;&#x17CB; &#x179F;&#x17C1;&#x1780;&#x200B; &#x1793;&#x17B7;&#x1784;&#x17A2;&#x178E;&#x17D2;&#x178F;&#x17BE;&#x1780; &#x1787;&#x17B6;&#x1798;&#x17B7;&#x178F;&#x17D2;&#x178F;&#x179B;&#x17D2;&#x17A2;&#x1793;&#x17BA;&#x1784;&#x1782;&#x17D2;&#x1793;&#x17B6; &#x17D4;&#x1790;&#x17D2;&#x1784;&#x17C3;&#x1798;&#x17BD;&#x1799;&#x1780;&#x17D2;&#x178F;&#x17B6;&#x1793;&#x17CB;&#x1787;&#x17B6;&#x1794;&#x17CB;&#x17A2;&#x1793;&#x17D2;&#x1791;&#x17B6;&#x1780;&#x17CB;&#x1793;&#x17B6;&#x1799;&#x1796;&#x17D2;&#x179A;&#x17B6;&#x1793; &#x17A2;&#x178E;&#x17D2;&#x178F;&#x17BE;&#x1780;&#x1793;&#x17B7;&#x1784;&#x179F;&#x17C1;&#x1780;&#x1791;&#x17C5;&#x1787;&#x17BD;&#x1799; &#x17D4; &#x1793;&#x17B6;&#x1799;&#x1796;&#x17D2;&#x179A;&#x17B6;&#x1793;&#x1781;&#x17BA;&#x1784;&#x1781;&#x17D2;&#x179B;&#x17B6;&#x17C6;&#x1784;&#x178E;&#x17B6;&#x179F;&#x17CB;&#x1780;&#x17CF;&#x1785;&#x17B6;&#x1794;&#x17CB;&#x17A2;&#x178E;&#x17D2;&#x178F;&#x17BE;&#x1780;&#x1796;&#x17D2;&#x1799;&#x17BD;&#x179A;&#x1793;&#x17BA;&#x1784;&#x178A;&#x17BE;&#x1798;&#x1788;&#x17BE; &#x17D4;&#x200B;&#x1780;&#x17D2;&#x178F;&#x17B6;&#x1793;&#x17CB;&#x1794;&#x17D2;&#x179A;&#x17BE;&#x179F;&#x17D2;&#x1793;&#x17C2;&#x1784;&#x1791;&#x17C6;&#x179B;&#x17BB;&#x17C7;&#x17A2;&#x1793;&#x17D2;&#x1791;&#x17B6;&#x1780;&#x17CB; &#x17A0;&#x17BE;&#x1799;&#x1780;&#x17CF;&#x1791;&#x17C5;&#x1787;&#x17BD;&#x1799;&#x17A2;&#x178E;&#x17D2;&#x178F;&#x17BE;&#x1780; &#x17A0;&#x17BE;&#x1799;&#x179F;&#x17C1;&#x1780;&#x1780;&#x17CF;&#x17A0;&#x17B7;&#x179A;&#x1791;&#x17C5;&#x179F;&#x1798;&#x17D2;&#x1794;&#x17BB;&#x1780;&#x179C;&#x17B7;&#x1789;&#x200B;&#x17D4;&#x1780;&#x17D2;&#x179A;&#x17C4;&#x1799;&#x1798;&#x1780;&#x1796;&#x17BD;&#x1780;&#x1782;&#x17C1;&#x1780;&#x17CF;&#x1793;&#x17C5;&#x1787;&#x17B6;&#x1798;&#x17BD;&#x1799;&#x1782;&#x17D2;&#x1793;&#x17B6;&#x1799;&#x17C9;&#x17B6;&#x1784;&#x179F;&#x1794;&#x17D2;&#x1794;&#x17B6;&#x1799;&#x179A;&#x17B8;&#x1780;&#x179A;&#x17B6;&#x1799; &#x17D4; </subfield>
  </datafield>
  <datafield tag="520" ind1=" " ind2=" ">
    <subfield code="a">In a  forest, there are three animals, a deer, a parrot, and a turtle&#x200B; are good friends.One day, a deer was trapped by  hunter and a parrot came to help.  The hunter was very angry and caught the turtle hanging from a tree. The deer used its horns to break the trap and went to help the turtle, and the parrot returned to its nest. Later on  they live happily together.</subfield>
  </datafield>
  <datafield tag="521" ind1="8" ind2=" ">
    <subfield code="a">430 
</subfield>
    <subfield code="b">Lexile estimate 
</subfield>
  </datafield>
  <datafield tag="521" ind1="8" ind2=" ">
    <subfield code="a">H 
</subfield>
    <subfield code="b">Raz-Plus 
</subfield>
  </datafield>
  <datafield tag="650" ind1=" " ind2=" ">
    <subfield code="a">&#x1791;&#x17B8;&#x179B;&#x17C6;&#x1793;&#x17C5;&#x179A;&#x1794;&#x179F;&#x17CB;&#x179F;&#x178F;&#x17D2;&#x179C;&#x1794;&#x17B8;&#x1780;&#x17D2;&#x1794;&#x17B6;&#x179B; </subfield>
    <subfield code="v">&#x179A;&#x17BF;&#x1784;&#x1793;&#x17B7;&#x1791;&#x17B6;&#x1793;&#x1780;&#x17BB;&#x1798;&#x17B6;&#x179A;</subfield>
  </datafield>
  <datafield tag="650" ind1=" " ind2=" ">
    <subfield code="a">three birds'  home </subfield>
    <subfield code="v">children's stories </subfield>
  </datafield>
  <datafield tag="942" ind1=" " ind2=" ">
    <subfield code="2">ddc</subfield>
    <subfield code="c">KHB</subfield>
    <subfield code="n">0</subfield>
  </datafield>
  <datafield tag="999" ind1=" " ind2=" ">
    <subfield code="c">4628</subfield>
    <subfield code="d">4628</subfield>
  </datafield>
  <datafield tag="952" ind1=" " ind2=" ">
    <subfield code="0">0</subfield>
    <subfield code="1">0</subfield>
    <subfield code="2">ddc</subfield>
    <subfield code="4">0</subfield>
    <subfield code="7">0</subfield>
    <subfield code="8">KH</subfield>
    <subfield code="a">002</subfield>
    <subfield code="b">002</subfield>
    <subfield code="c">TTP Khmer</subfield>
    <subfield code="d">2024-09-18</subfield>
    <subfield code="l">1</subfield>
    <subfield code="o">ANO PZ7 800 </subfield>
    <subfield code="p">FIS04435</subfield>
    <subfield code="r">2025-09-30 10:23:49</subfield>
    <subfield code="s">2025-07-15</subfield>
    <subfield code="t">1</subfield>
    <subfield code="w">2024-09-18</subfield>
    <subfield code="y">KHB</subfield>
  </datafield>
  <datafield tag="952" ind1=" " ind2=" ">
    <subfield code="0">0</subfield>
    <subfield code="1">0</subfield>
    <subfield code="2">ddc</subfield>
    <subfield code="4">0</subfield>
    <subfield code="7">0</subfield>
    <subfield code="8">KH</subfield>
    <subfield code="a">001</subfield>
    <subfield code="b">001</subfield>
    <subfield code="c">OKHR</subfield>
    <subfield code="d">2025-09-04</subfield>
    <subfield code="l">1</subfield>
    <subfield code="o">ANO PZ7 800 </subfield>
    <subfield code="p">FISTKG3B006</subfield>
    <subfield code="r">2026-03-16 09:31:56</subfield>
    <subfield code="s">2025-10-10</subfield>
    <subfield code="t">2</subfield>
    <subfield code="w">2025-09-04</subfield>
    <subfield code="y">KHB</subfield>
  </datafield>
  <datafield tag="952" ind1=" " ind2=" ">
    <subfield code="0">0</subfield>
    <subfield code="1">0</subfield>
    <subfield code="2">ddc</subfield>
    <subfield code="4">0</subfield>
    <subfield code="7">0</subfield>
    <subfield code="8">KH</subfield>
    <subfield code="a">001</subfield>
    <subfield code="b">001</subfield>
    <subfield code="c">OKHR</subfield>
    <subfield code="d">2025-09-04</subfield>
    <subfield code="l">1</subfield>
    <subfield code="o">ANO PZ7 800 </subfield>
    <subfield code="p">FISTKG2B013</subfield>
    <subfield code="r">2026-03-16 09:32:31</subfield>
    <subfield code="s">2025-10-10</subfield>
    <subfield code="t">3</subfield>
    <subfield code="w">2025-09-04</subfield>
    <subfield code="y">KHB</subfield>
  </datafield>
  <datafield tag="952" ind1=" " ind2=" ">
    <subfield code="0">0</subfield>
    <subfield code="1">0</subfield>
    <subfield code="2">ddc</subfield>
    <subfield code="4">0</subfield>
    <subfield code="7">0</subfield>
    <subfield code="8">KH</subfield>
    <subfield code="a">001</subfield>
    <subfield code="b">001</subfield>
    <subfield code="c">OKHR</subfield>
    <subfield code="d">2025-09-04</subfield>
    <subfield code="l">1</subfield>
    <subfield code="o">ANO PZ7 800 </subfield>
    <subfield code="p">FISTKG2A046</subfield>
    <subfield code="r">2026-03-16 09:32:02</subfield>
    <subfield code="s">2025-10-10</subfield>
    <subfield code="t">4</subfield>
    <subfield code="w">2025-09-04</subfield>
    <subfield code="y">KHB</subfield>
  </datafield>
  <datafield tag="952" ind1=" " ind2=" ">
    <subfield code="0">0</subfield>
    <subfield code="1">0</subfield>
    <subfield code="2">ddc</subfield>
    <subfield code="4">0</subfield>
    <subfield code="7">0</subfield>
    <subfield code="8">KH</subfield>
    <subfield code="a">002</subfield>
    <subfield code="b">002</subfield>
    <subfield code="c">TTP Khmer</subfield>
    <subfield code="d">2025-11-10</subfield>
    <subfield code="l">0</subfield>
    <subfield code="o">ANO PZ7 800 </subfield>
    <subfield code="p">FIS04188</subfield>
    <subfield code="r">2025-11-10 15:41:34</subfield>
    <subfield code="t">5</subfield>
    <subfield code="w">2025-11-10</subfield>
    <subfield code="y">KHB</subfield>
  </datafield>
  <datafield tag="952" ind1=" " ind2=" ">
    <subfield code="0">0</subfield>
    <subfield code="1">0</subfield>
    <subfield code="2">ddc</subfield>
    <subfield code="4">0</subfield>
    <subfield code="7">0</subfield>
    <subfield code="8">KH</subfield>
    <subfield code="a">002</subfield>
    <subfield code="b">002</subfield>
    <subfield code="c">TTP Khmer</subfield>
    <subfield code="d">2025-11-20</subfield>
    <subfield code="l">0</subfield>
    <subfield code="o">ANO PZ7 800 </subfield>
    <subfield code="p">FIS04191</subfield>
    <subfield code="r">2025-11-20 14:17:39</subfield>
    <subfield code="t">6</subfield>
    <subfield code="w">2025-11-20</subfield>
    <subfield code="y">KHB</subfield>
  </datafield>
</record>
